000
00231nam a2200097Ia 4500
008
231107s2005 xx 000 0 und d
041
_a
eng
100
_a
Joyce,James
245
_a
DUBLINERS
260
_a
Bombay
_b
Wilco Publishing
_c
2005
999
_c
924760
_d
924760